|
|
|
|
| LEADER |
01331nam a2200253 a 4500 |
| 001 |
GR-MES515 |
| 008 |
991111s1974 gr 000 0 gre d |
| 040 |
|
|
|a GrPaTEI
|b gre
|c GR-PaULI
|
| 245 |
0 |
0 |
|a Κοινωνιολογία του οικονομικου βίου =
|b The sociology of economic life.
|
| 260 |
|
|
|a Αθήναι :
|b Παπαζήση,
|c 1974
|
| 300 |
|
|
|a 198 σελ. :
|b σχημ
|
| 504 |
|
|
|a Βιβλιογραφία σελ.183-198
|
| 650 |
|
4 |
|a Κοινωνιολογία
|
| 650 |
|
4 |
|a Οικονομία
|
| 700 |
1 |
|
|a Smelser, Neil J.
|
| 700 |
1 |
|
|a Πουρή, Δημ Χ.
|
| 700 |
1 |
|
|a Χολέβα, Ι. Κ.
|
| 710 |
0 |
|
|a Παπαζήση
|
| 942 |
|
|
|2 ddc
|
| 952 |
|
|
|0 0
|1 0
|2 ddc
|4 0
|6 306_300000000000000_SME
|7 0
|9 263752
|a MSLG
|b MSLG
|c BSC
|d 2021-01-17
|e 24
|f 0
|g 0.00
|l 0
|o 306.3 SME
|p 2420000000948
|r 2021-01-17 00:00:00
|t 1
|w 2021-01-17
|y BK15
|x 19991111 0 1
|x GrPaTEI
|
| 952 |
|
|
|0 0
|1 0
|2 ddc
|4 0
|6 306_300000000000000_SME
|7 0
|9 263753
|a MSLG
|b MSLG
|c BSC
|d 2021-01-17
|e 24
|f 0
|g 0.00
|l 0
|o 306.3 SME
|p 2420000000949
|r 2021-01-17 00:00:00
|t 1
|w 2021-01-17
|y BK15
|x 19991111 0 1
|x GrPaTEI
|
| 952 |
|
|
|0 0
|1 0
|2 ddc
|4 0
|6 306_300000000000000_SME
|7 0
|9 263754
|a MSLG
|b MSLG
|c BSC
|d 2021-01-17
|e 24
|f 0
|g 0.00
|l 0
|o 306.3 SME
|p 2420000005148
|r 2021-01-17 00:00:00
|t 1
|w 2021-01-17
|y BK15
|x 19991111 0 1
|x GrPaTEI
|
| 971 |
|
|
|a .b25715562
|b 16-04-20
|c 13-09-16
|
| 999 |
|
|
|c 151865
|d 151865
|